00278nam a2200133Ia 45000030006000000050017000060080041000230400009000640820015000731000015000882450024001032600009001273000008001360Nust20170105110253.0161124s9999 xx 000 0 und d cIGIS a526.1bGRU aDE Gruyter aGeodesy 3rd Edition c2001 a416